Cricket: Best Bowling Figures in an ODI Match - Statistics

General Stats
  • This quiz has been taken 26 times
  • The average score is 13 of 24
Answer Stats
For Against Year Figures Answer % Correct
AFG WI 2017 8.4-1-18-7 Rashid Khan
96%
PAK IND 1985 10.0-2-14-6 Imran Khan
92%
SL ZIM 2001 8.0-3-19-8 Chaminda Vaas
88%
AUS NAM 2003 7.0-4-15-7 Glenn McGrath
88%
SL IND 2000 10.0-1-30-7 Muttiah Muralitharan
88%
PAK WI 2013 9.0-3-12-7 Shahid Afridi
75%
PAK ENG 2001 10.0-0-36-7 Waqar Younis
75%
NZ WI 2017 10.0-3-34-7 Trent Boult
71%
NZ IND 2005 9.0-3-19-6 Shane Bond
67%
NZ ENG 2015 9.0-0-33-7 Tim Southee
67%
SA BAN 2015 8.0-3-16-6 Kagiso Rabada
58%
PAK NZ 2002 9.0-1-16-6 Shoaib Akhtar
54%
SL IND 2008 8.0-1-13-6 Ajantha Mendis
50%
IND WI 1993 6.1-2-12-6 Anil Kumble
50%
SA WI 2016 9.0-0-45-7 Imran Tahir
46%
AUS ENG 2003 10.0-0-20-7 Andy Bichel
38%
IND BAN 2014 4.4-2-4-6 Stuart Binny
38%
WI ENG 1981 9.0-4-15-6 Colin Croft
33%
PAK IND 1991 10.0-1-37-7 Aaqib Javed
21%
PAK WI 1999 10.0-2-18-6 Azhar Mahmood
21%
AUS ENG 1975 12.0-6-14-6 Gary Gilmour
21%
ZIM ENG 2000 8.2-3-19-6 Henry Olonga
21%
SL WI 2006 9.0-2-14-6 Farveez Maharoof
17%
WI AUS 1983 10.3-0-51-7 Winston Davis
17%
No matching quizzes found
Score Distribution
Percent of People with Each Score
Percentile by Number Answered
Your Score History
You have not taken this quiz